000
00296nam a22001337a 4500
008
181218b xxu||||| |||| 00| 0 eng d
020
_a
9780385023559
041
_a
eng
080
_a
311
100
_a
55
101
_a
STA
245
_a
Statistics Made Simple
_c
Haysielt.h.t
942
_2
udc
_c
BK
999
_c
53349
_d
53349